Zelda Breath of the Wild Characters - Statistics

General Stats
  • This quiz has been taken 53 times
  • The average score is 16 of 19
Answer Stats
Hint Answer % Correct
Desert champion Lady Urbosa
98%
Rhoam's daughter Zelda
98%
Rock guy Daruk
95%
Sword guy Link
95%
Fish girl Mipha
95%
Mean bird guy Revali
95%
Fish boy Sidon
95%
Old Sheikah Impa
91%
Accordion bird Kass
86%
Akkala tech boy Robbie
84%
Wandering salesman Beedle
81%
Hateno tech girl Purah
81%
Bird warrior Teba
81%
Shy girl Paya
79%
Desert chief Riju
79%
Young rock guy Yunobo
77%
Giant pig beast Dark Beast Ganon
74%
Wandering artist Pikango
56%
Old bird guy Kaneli
49%
No matching quizzes found
Score Distribution
Percent of People with Each Score
Percentile by Number Answered
Your Score History
You have not taken this quiz